|
|
|
|
| LEADER |
01521nam a2200265 a 4500 |
| 001 |
0017711 |
| 003 |
BD-DhAAL |
| 008 |
120718s2007 bg b 000 0 ben |
| 020 |
|
|
|a 9843000002398
|
| 040 |
|
|
|a BD-DhAAL
|c BD-DhAAL
|
| 041 |
0 |
|
|a ben
|
| 082 |
0 |
0 |
|a 954.9205
|2 22
|
| 100 |
1 |
|
|a মো্র্শেদ, এস.এম. সারওয়ার
|9 58660
|
| 245 |
1 |
0 |
|a মুক্তিযুদ্ধের ইতিহাসের সঙ্কট /
|c এস.এম. সারওয়ার মো্র্শেদ.
|
| 260 |
|
|
|a ঢাকা :
|b স্বরাজ প্রকাশনী,
|c ২০০৭.
|
| 300 |
|
|
|a ৫২ পৃ. ;
|c ২১ সে.মি.
|
| 504 |
|
|
|a গ্রন্থপঞ্জিগত নির্দেশিকা অন্তর্ভূক্ত.
|
| 526 |
|
|
|a AAL
|x Hasina Afroz
University Librarian
|
| 541 |
|
|
|e 0017711, 0017712
|a Sharaz Prokasony
|
| 651 |
|
0 |
|a Bangladesh
|x History
|y Revolution, 1971.
|
| 852 |
1 |
|
|a Ayesha Abed Library
|c General Stacks
|
| 942 |
|
|
|2 ddc
|c BK
|
| 999 |
|
|
|c 12572
|d 12572
|
| 952 |
|
|
|0 0
|1 0
|2 ddc
|4 0
|6 954_900000000000000_205_MOR
|7 0
|9 20755
|a BRACUL
|b BRACUL
|c BNC
|d 2012-07-18
|e Sharaz Prokasony
|g 100.00
|l 1
|o 954.9205 MOR
|p 3010017712
|r 2012-07-25
|s 2012-07-18
|t 2
|w 2012-07-18
|y BK
|x Requisitioned by Hasina Afroz, University Librarian.
|
| 952 |
|
|
|0 0
|1 0
|2 ddc
|4 0
|6 954_900000000000000_205_MOR
|7 0
|9 57602
|a BRACUL
|b BRACUL
|c BNC
|d 2016-01-14
|e Sharaz Prokasony
|g 100.00
|l 0
|o 954.9205 MOR
|p 3010017711
|r 2016-01-14
|t 1
|w 2016-01-14
|y BK
|x Requisitioned by Hasina Afroz, University Librarian.
|